IMPORTANCIA de Tres Arroyos.
Guardado en:
| Formato: | Libro |
|---|---|
| Idioma: | Spanish |
| Publicado: |
s.n.
|
| Materias: | |
| Etiquetas: |
Agregar Etiqueta
Sin Etiquetas, Sea el primero en etiquetar este registro!
|
| LEADER | 00390nam a22001455a 4500 | ||
|---|---|---|---|
| 001 | EUN.um057625 | ||
| 003 | AR-BaUNS | ||
| 005 | 20050623122926.0 | ||
| 008 | 041125ss.n.####xx#a##########000#0#spa#d | ||
| 245 | 0 | 0 | |a IMPORTANCIA de Tres Arroyos. |
| 260 | |c s.n. | ||
| 300 | |a 48 h. : |b ilus. ; |c 34 cm. | ||
| 082 | 0 | 4 | |a 918.21 |
| 653 | |a Tres arroyos | ||
| 859 | |a Ar-BaUNS |b BIB. CENTRAL - Sector C |h 918.21 |i Im7 |k F |p 73437/975 | ||
